| Tag |
First Indicator |
Second Indicator |
Subfields |
| LEADER |
00000cam a2200000Ia 4500 |
| 001 |
in00002787825 |
| 005 |
20151202171722.0 |
| 008 |
120322s2012 nyu 000 0 eng d |
| 020 |
|
|
|a 9781592407699 (hbk.) :
|c $22.50
|
| 020 |
|
|
|a 1592407692
|
| 035 |
|
|
|a (OCoLC)ocn781679455
|
| 040 |
|
|
|a BTCTA
|b eng
|c BTCTA
|d BDX
|d ZQP
|d IK2
|d SRC
|d YDXCP
|d BKX
|d MQY
|d BWX
|d UtOrBLW
|
| 049 |
|
|
|a TXAM
|
| 050 |
1 |
4 |
|a HQ801
|b .B78 2012
|
| 082 |
0 |
4 |
|a 646.7/7
|2 23
|
| 100 |
1 |
|
|a Brunson, Paul Carrick.
|
| 245 |
1 |
0 |
|a It's complicated (but it doesn't have to be) :
|b a modern guide to finding and keeping love /
|c Paul Carrick Brunson.
|
| 246 |
3 |
|
|a It is complicated (but it does not have to be)
|
| 264 |
|
1 |
|a New York :
|b Gotham Books,
|c [2012]
|
| 264 |
|
4 |
|c ©2012
|
| 300 |
|
|
|a xvii, 285 pages ;
|c 20 cm.
|
| 336 |
|
|
|a text
|b txt
|2 rdacontent
|
| 337 |
|
|
|a unmediated
|b n
|2 rdamedia
|
| 338 |
|
|
|a volume
|b nc
|2 rdacarrier
|
| 505 |
0 |
|
|a There will always be rules -- Marriage isn't for everyone -- Men and women are from Earth -- Love yourself before someone else -- Know your relationship vitals -- Get over the word "no" -- Sloppy comes in second -- No mean muggin' -- (Instant) message should match the method -- Move online to off-line quickly -- You will be "Googled" -- Sex is not super glue (it won't make him/her stick with you) -- It's what they do, not what they say -- Dating is a numbers game -- Your friends are not relationship experts -- Communication and conflict resolution are key -- Those aren't your kids -- Know when to fold 'em -- Butt pads have to come off -- There's no difference between your brain in love and your brain on drugs -- You can't direct change, but you can inspire it -- You can fall in love again.
|
| 520 |
|
|
|a A professional matchmaker and certified life coach outlines a straightforward, optimistic guide to finding romance, discussing how to assess one's marriage suitability, relationship etiquette in modern times, and the appropriate use of current technology.
|
| 650 |
|
0 |
|a Dating (Social customs)
|
| 650 |
|
0 |
|a Man-woman relationships.
|
| 650 |
|
0 |
|a Love.
|
| 650 |
|
0 |
|a Mate selection.
|
| 948 |
|
|
|a cataloged
|b h
|c 2012/12/13
|d c
|e ceaton
|f 1:17:43 pm
|
| 994 |
|
|
|a C0
|b TXA
|
| 999 |
|
|
|a MARS
|
| 999 |
f |
f |
|s 5148b595-25a8-3c23-8ce6-4a58fc452ce0
|i b7dd394e-178f-3347-9ece-72379ad5b887
|t 0
|
| 952 |
f |
f |
|p ric
|a Texas A&M University
|b Rellis Campus
|c Joint Library Facility
|d Remote Storage
|t 0
|e HQ801 .B78 2012
|h Library of Congress classification
|i unmediated -- volume
|m A14841623513
|
| 998 |
f |
f |
|a HQ801 .B78 2012
|t 0
|l Remote Storage
|